Human physiology : The mechanisms of body fuction

The book presents the principles of human physiology, it explains the mechanisms of body function: physiological facts and events

Đã lưu trong:
Bibliografiske detaljer
Format: Bog
Sprog:Undetermined
Udgivet: New York McGraw-Hill 1994
Fag:
Tags: Tilføj Tag
Ingen Tags, Vær først til at tagge denne postø!
Thư viện lưu trữ: Trung tâm Học liệu Trường Đại học Cần Thơ
LEADER 00676nam a2200193Ia 4500
001 CTU_219441
008 210402s9999 xx 000 0 und d
082 |a 612 
082 |b V228 
245 0 |a Human physiology : 
245 4 |b The mechanisms of body fuction 
245 0 |c Arthur J. Vander, James H. Sherman, Dorothy S. Luciano 
260 |a New York 
260 |b McGraw-Hill 
260 |c 1994 
520 |a The book presents the principles of human physiology, it explains the mechanisms of body function: physiological facts and events 
650 |a Human physiology,Sinh lý người 
904 |i Hải 
980 |a Trung tâm Học liệu Trường Đại học Cần Thơ